MARC details
| 000 -LEADER |
| fixed length control field |
02930nam a2200373 a 4500 |
| 008 - FIXED-LENGTH DATA ELEMENTS--GENERAL INFORMATION |
| fixed length control field |
120416s1984 ||||||||||||||||| || u |
| 020 ## - INTERNATIONAL STANDARD BOOK NUMBER |
| International Standard Book Number |
0713128828 |
| 050 ## - LIBRARY OF CONGRESS CALL NUMBER |
| Classification number |
TA 705 Bly |
| 100 ## - MAIN ENTRY--PERSONAL NAME |
| Personal name |
Blyth, F. G. H. (Francis George Henry) |
| 245 12 - TITLE STATEMENT |
| Title |
A geology for engineers |
| 250 ## - EDITION STATEMENT |
| Edition statement |
7th ed. |
| 260 ## - PUBLICATION, DISTRIBUTION, ETC. |
| Place of publication, distribution, etc. |
London: |
| Name of publisher, distributor, etc. |
Edward Arnold |
| Date of publication, distribution, etc. |
1984 |
| 300 ## - PHYSICAL DESCRIPTION |
| Extent |
x, 325p. : ill. |
| 350 ## - |
| -- |
0.00 |
| 500 ## - GENERAL NOTE |
| General note |
Includes index. -Bibliography: p. 301-315. |
| 650 #0 - SUBJECT ADDED ENTRY--TOPICAL TERM |
| Topical term or geographic name entry element |
ENGINEERING GEOLOGY |
| 700 ## - ADDED ENTRY--PERSONAL NAME |
| Personal name |
De Freitas, M. H |
| 856 ## - ELECTRONIC LOCATION AND ACCESS |
| Uniform Resource Identifier |
http://www.loc.gov/catdir/description/els032/85204420.html |
| 856 ## - ELECTRONIC LOCATION AND ACCESS |
| Uniform Resource Identifier |
http://www.loc.gov/catdir/toc/els031/85204420.html |
| 995 ## - |
| -- |
ANNEX COLLECTION (Main Library) |
| -- |
0.00 |
| -- |
737277 |
| -- |
CBU-MAIN LIBRARY (Kitwe) |
| -- |
4 |
| -- |
16.50 |
| -- |
TA 705 Bly |
| -- |
5 |
| -- |
AVAILABLE |
| -- |
41948 |
| -- |
Annex Low-Usage Collection |
| 995 ## - |
| -- |
MAIN LIBRARY OPEN ACCESS |
| -- |
0.00 |
| -- |
713477 |
| -- |
CBU-MAIN LIBRARY (Kitwe) |
| -- |
1 |
| -- |
16.50 |
| -- |
TA 705 Bly |
| -- |
2 |
| -- |
AVAILABLE |
| -- |
013906 |
| -- |
Main Library Open Access Collection |
| 995 ## - |
| -- |
MAIN LIBRARY OPEN ACCESS |
| -- |
0.00 |
| -- |
737278 |
| -- |
CBU-MAIN LIBRARY (Kitwe) |
| -- |
3 |
| -- |
16.50 |
| -- |
TA 705 Bly |
| -- |
4 |
| -- |
AVAILABLE |
| -- |
41947 |
| -- |
Main Library Open Access Collection |
| 995 ## - |
| -- |
TEXTBOOKS (MIN.ENG.) |
| -- |
0.00 |
| -- |
03329 |
| -- |
CBU-SCHOOL TEXTBOOK COLLECTIONS |
| -- |
1 |
| -- |
0.00 |
| -- |
SCHOOL TEXTBOOK |
| -- |
13 |
| -- |
AVAILABLE |
| -- |
Jul 14, 2009 |
| -- |
03329 |
| -- |
Reference Collection |
| 995 ## - |
| -- |
TEXTBOOKS (MIN.ENG.) |
| -- |
0.00 |
| -- |
03326 |
| -- |
CBU-SCHOOL TEXTBOOK COLLECTIONS |
| -- |
1 |
| -- |
0.00 |
| -- |
SCHOOL TEXTBOOK |
| -- |
10 |
| -- |
AVAILABLE |
| -- |
Jul 14, 2009 |
| -- |
03326 |
| -- |
Reference Collection |
| 995 ## - |
| -- |
ANNEX COLLECTION (Main Library) |
| -- |
0.00 |
| -- |
713476 |
| -- |
CBU-MAIN LIBRARY (Kitwe) |
| -- |
7 |
| -- |
16.50 |
| -- |
TA 705 Bly |
| -- |
1 |
| -- |
AVAILABLE |
| -- |
013905 |
| -- |
Annex Low-Usage Collection |
| 995 ## - |
| -- |
ANNEX COLLECTION (Main Library) |
| -- |
0.00 |
| -- |
737279 |
| -- |
CBU-MAIN LIBRARY (Kitwe) |
| -- |
5 |
| -- |
16.50 |
| -- |
TA 705 Bly |
| -- |
6 |
| -- |
AVAILABLE |
| -- |
41946 |
| -- |
Annex Low-Usage Collection |
| 995 ## - |
| -- |
TEXTBOOKS (MIN.ENG.) |
| -- |
0.00 |
| -- |
03328 |
| -- |
CBU-SCHOOL TEXTBOOK COLLECTIONS |
| -- |
1 |
| -- |
0.00 |
| -- |
SCHOOL TEXTBOOK |
| -- |
12 |
| -- |
AVAILABLE |
| -- |
Jul 14, 2009 |
| -- |
03328 |
| -- |
Reference Collection |
| 995 ## - |
| -- |
TEXTBOOKS (MIN.ENG.) |
| -- |
0.00 |
| -- |
03324 |
| -- |
CBU-SCHOOL TEXTBOOK COLLECTIONS |
| -- |
1 |
| -- |
0.00 |
| -- |
SCHOOL TEXTBOOK |
| -- |
8 |
| -- |
AVAILABLE |
| -- |
Jul 14, 2009 |
| -- |
03324 |
| -- |
Reference Collection |
| 995 ## - |
| -- |
BINDERY (DAMAGED) |
| -- |
0.00 |
| -- |
713478 |
| -- |
CBU-MAIN LIBRARY (Kitwe) |
| -- |
2 |
| -- |
16.50 |
| -- |
TA 705 Bly |
| -- |
3 |
| -- |
DAMAGED |
| -- |
013907 |
| -- |
Main Library Open Access Collection |
| 995 ## - |
| -- |
TEXTBOOKS (MIN.ENG.) |
| -- |
0.00 |
| -- |
03325 |
| -- |
CBU-SCHOOL TEXTBOOK COLLECTIONS |
| -- |
1 |
| -- |
0.00 |
| -- |
SCHOOL TEXTBOOK |
| -- |
9 |
| -- |
AVAILABLE |
| -- |
Jul 14, 2009 |
| -- |
03325 |
| -- |
Reference Collection |
| 995 ## - |
| -- |
TEXTBOOKS (MIN.ENG.) |
| -- |
0.00 |
| -- |
03327 |
| -- |
CBU-SCHOOL TEXTBOOK COLLECTIONS |
| -- |
1 |
| -- |
0.00 |
| -- |
SCHOOL TEXTBOOK |
| -- |
11 |
| -- |
AVAILABLE |
| -- |
Jul 14, 2009 |
| -- |
03327 |
| -- |
Reference Collection |
| 995 ## - |
| -- |
TEXTBOOKS (MIN.ENG.) |
| -- |
0.00 |
| -- |
03226 |
| -- |
CBU-SCHOOL TEXTBOOK COLLECTIONS |
| -- |
1 |
| -- |
0.00 |
| -- |
SCHOOL TEXTBOOK |
| -- |
14 |
| -- |
AVAILABLE |
| -- |
Aug 12, 2009 |
| -- |
03226 |
| -- |
School Collections |
| 995 ## - |
| -- |
BINDERY (DAMAGED) |
| -- |
0.00 |
| -- |
737280 |
| -- |
CBU-MAIN LIBRARY (Kitwe) |
| -- |
6 |
| -- |
16.50 |
| -- |
TA 705 Bly |
| -- |
7 |
| -- |
DAMAGED |
| -- |
41945 |
| -- |
Main Library Open Access Collection |
| 999 ## - |
| -- |
75871 |
| -- |
75871 |
| 952 ## - LOCATION AND ITEM INFORMATION (KOHA) |
| -- |
Main Library Open Access Collection |